| 000 | 01005cab a22001935a 4500 | ||
|---|---|---|---|
| 001 | L143456 | ||
| 008 | 080512s2008 xxk f 000 0 eng d | ||
| 035 | _a(Sirsi) u143456 | ||
| 041 | 0 | _aeng | |
| 100 | 1 | _aKempton, Jim | |
| 245 | 0 | 0 |
_aMixed tenure estates _bimplications for asset management in the registered social landlord sector |
| 260 | _c2008 | ||
| 490 |
_aStructural Survey _v26(1) 2008, 7-16(10) |
||
| 520 | _aSeeks to provide a definition of mixed tenure housing estates. These comprise estates made up of private tenants, shared owners and owner occupiers. Attempts to discover whether asset management has different needs in mixed tenure estates. Contains a review of relevant literature and interviews with staff of the Registered Social Landlord (RSL) which is examined as a case study. Argues that inter-working at this RSL needs to be improved. | ||
| 590 | _aKA | ||
| 651 | 4 |
_aUnited Kingdom _y |
|
| 690 | _aPROPERTY-RESIDENTIAL PROPERTY-RESIDENTIAL PROPERTY MANAGEMENT | ||
| 942 | _n0 | ||
| 999 |
_c80187 _d80187 |
||